Pabellones/Arenas más grandes de España - Estadísticas

Estadísticas generales
  • Esta prueba ha sido intentada 41 veces
  • La puntuación promedio es 8 de 23
Estadísticas de respuestas
Espectadores Ciudad Respuesta % Correcto
17.500 Madrid WiZink Center
94%
18.000 Barcelona Palau Sant Jordi
73%
11.300 Málaga Palacio de Deportes José María Martín Carpena
55%
10.014 Bilbao Bilbao Arena
48%
15.504 Vitoria Fernando Buesa Arena
48%
18.600 Valencia* Roig Arena
48%
15.000 Zaragoza Pabellón Príncipe Felipe
45%
12.000 Madrid Madrid Arena
36%
9.000 Valencia Pabellón Fuente de San Luis
36%
11.500 Las Palmas de Gran Canaria Gran Canaria Arena
33%
12.760 Badalona Pabellón Olímpico de Badalona
33%
9.000 Granada Palacio Municipal de los Deportes de Granada
27%
15.000 Madrid Palacio Vistalegre Arena
27%
12.442 Madrid Caja Mágica (Estadio Manolo Santana)
24%
11.800 Pamplona Navarra Arena
24%
11.000 A Coruña Coliseum de La Coruña
21%
26.000 Barakaldo Bizkaia Arena
15%
9.454 Burgos Coliseum Burgos
12%
10.800 Tarragona Tarraco Arena Plaza
12%
10.000 Leganés Cubierta de Leganés
9%
10.763 San Sebastián Donostia Arena
9%
10.000 León León Arena
9%
10.070 Zaragoza Plaza de toros de Zaragoza
9%
No se encontraron pruebas coincidentes
Distribución de puntuación
Porcentaje de gente con cada puntuación
Porcentaje por número respondido
Historial de tus puntuaciones
No has intentado esta prueba.